Statistics for 15 second maths frenzy!

Click here to take the quiz!

General Stats

  • This quiz has been taken 9,340 times
  • The average score is 5 of 15

Answer Stats

HintAnswer% Correct
3+25
98%
3x8x0+5x0+1+12
97%
5x525
84%
1x2+57
75%
0987654321x1234567890x0+11
50%
89-6227
30%
1x3+2+16
30%
1x85x0x10
21%
7x535
18%
8x216
14%
0+3923472939234729
13%
33+6699
6%
55+51106
5%
83474+2x0+6767
3%
45633x1+145632
0%

Score Distribution

Percentile by Number Answered

Percent of People with Each Score

Your Score History

You have not taken this quiz